[Event "DEM U12w 2025"]
[Site "Willingen GER"]
[Date "2025.06.09"]
[Round "3"]
[White "Alnajjar, Sara"]
[Black "Heidtkamp, Anna"]
[Result "1/2-1/2"]
[Termination "normal"]
[Board "7"]
[WhiteElo "1565"]
[BlackElo "1555"]
[WhiteClock "00:46:47"]
[BlackClock "00:19:27"]
[PlyCount "124"]
[WhiteFideId "34668659"]
[BlackFideId "16269012"]
[EventCountry "GER"]
[EventRounds "9"]
[EventType "swiss"]
[EventDate "2025.06.07"]

1. d4 {[%clk 01:30:54]} {[%emt 00:00:06]} d5 {[%clk 01:30:55]} {[%emt
00:00:05]} 2. c4 {[%clk 01:31:19]} {[%emt 00:00:04]} e6 {[%clk 01:31:22]}
{[%emt 00:00:04]} 3. Nc3 {[%clk 01:31:45]} {[%emt 00:00:05]} Nf6 {[%clk
01:31:47]} {[%emt 00:00:04]} 4. cxd5 {[%clk 01:32:09]} {[%emt 00:00:06]} exd5
{[%clk 01:32:11]} {[%emt 00:00:06]} 5. Bg5 {[%clk 01:32:31]} {[%emt 00:00:08]}
Be7 {[%clk 01:32:35]} {[%emt 00:00:06]} 6. e3 {[%clk 01:32:51]} {[%emt
00:00:10]} O-O {[%clk 01:32:59]} {[%emt 00:00:07]} 7. Bd3 {[%clk 01:33:12]}
{[%emt 00:00:08]} Nbd7 {[%clk 01:32:59]} {[%emt 00:00:31]} 8. Qc2 {[%clk
01:33:31]} {[%emt 00:00:11]} b6 {[%clk 01:32:11]} {[%emt 00:01:18]} 9. Nge2
{[%clk 01:32:46]} {[%emt 00:01:14]} Bb7 {[%clk 01:32:21]} {[%emt 00:00:21]} 10.
O-O {[%clk 01:32:46]} {[%emt 00:00:30]} c5 {[%clk 01:32:13]} {[%emt 00:00:37]}
11. Qd2 {[%clk 01:19:13]} {[%emt 00:14:02]} h6 {[%clk 01:29:14]} {[%emt
00:03:30]} 12. Bh4 {[%clk 01:19:17]} {[%emt 00:00:26]} Ne4 {[%clk 01:17:51]}
{[%emt 00:11:53]} 13. Bxe4 {[%clk 01:11:53]} {[%emt 00:07:54]} dxe4 {[%clk
01:18:03]} {[%emt 00:00:18]} 14. Bxe7 {[%clk 01:11:44]} {[%emt 00:00:39]} Qxe7
{[%clk 01:18:28]} {[%emt 00:00:06]} 15. Rfd1 {[%clk 01:09:59]} {[%emt
00:02:14]} Nf6 {[%clk 01:12:23]} {[%emt 00:06:35]} 16. Rac1 {[%clk 01:08:49]}
{[%emt 00:01:41]} Rfd8 {[%clk 01:03:40]} {[%emt 00:09:12]} 17. Qe1 {[%clk
01:04:37]} {[%emt 00:04:41]} cxd4 {[%clk 00:54:07]} {[%emt 00:10:04]} 18. Nxd4
{[%clk 01:04:45]} {[%emt 00:00:21]} Qb4 {[%clk 00:50:05]} {[%emt 00:04:32]} 19.
Qe2 {[%clk 01:03:17]} {[%emt 00:01:59]} a6 {[%clk 00:38:27]} {[%emt 00:12:08]}
20. h3 {[%clk 00:57:43]} {[%emt 00:06:03]} b5 {[%clk 00:31:02]} {[%emt
00:07:56]} 21. a3 {[%clk 00:51:32]} {[%emt 00:06:41]} Qf8 {[%clk 00:29:31]}
{[%emt 00:02:00]} 22. Qc2 {[%clk 00:46:37]} {[%emt 00:05:27]} Rac8 {[%clk
00:29:12]} {[%emt 00:00:48]} 23. Qb3 {[%clk 00:43:22]} {[%emt 00:03:45]} Nd7
{[%clk 00:22:38]} {[%emt 00:07:04]} 24. a4 {[%clk 00:35:05]} {[%emt 00:08:47]}
Nc5 {[%clk 00:21:09]} {[%emt 00:01:59]} 25. Qa3 {[%clk 00:31:00]} {[%emt
00:04:35]} Nd3 {[%clk 00:19:49]} {[%emt 00:01:50]} 26. Qxf8+ {[%clk 00:30:43]}
{[%emt 00:00:47]} Kxf8 {[%clk 00:20:04]} {[%emt 00:00:15]} 27. Rb1 {[%clk
00:30:48]} {[%emt 00:00:24]} b4 {[%clk 00:17:10]} {[%emt 00:03:26]} 28. Nce2
{[%clk 00:30:02]} {[%emt 00:01:15]} Bc6 {[%clk 00:14:34]} {[%emt 00:03:07]} 29.
Nxc6 {[%clk 00:29:31]} {[%emt 00:01:00]} Rxc6 {[%clk 00:14:57]} {[%emt
00:00:07]} 30. Nd4 {[%clk 00:29:52]} {[%emt 00:00:09]} Rc5 {[%clk 00:13:05]}
{[%emt 00:02:23]} 31. f3 {[%clk 00:26:34]} {[%emt 00:03:47]} Rcc8 {[%clk
00:11:48]} {[%emt 00:01:47]} 32. fxe4 {[%clk 00:25:51]} {[%emt 00:01:13]} Nc5
{[%clk 00:12:03]} {[%emt 00:00:15]} 33. Nc2 {[%clk 00:26:02]} {[%emt 00:00:19]}
a5 {[%clk 00:11:50]} {[%emt 00:00:43]} 34. Nd4 {[%clk 00:23:59]} {[%emt
00:02:33]} Nxa4 {[%clk 00:11:26]} {[%emt 00:00:55]} 35. Rf1 {[%clk 00:23:32]}
{[%emt 00:00:56]} Kg8 {[%clk 00:10:11]} {[%emt 00:01:44]} 36. b3 {[%clk
00:22:52]} {[%emt 00:01:11]} Nc3 {[%clk 00:09:00]} {[%emt 00:01:41]} 37. Ra1
{[%clk 00:23:05]} {[%emt 00:00:16]} Rc5 {[%clk 00:07:43]} {[%emt 00:01:49]} 38.
Rf5 {[%clk 00:22:21]} {[%emt 00:01:13]} Rxf5 {[%clk 00:07:14]} {[%emt
00:00:59]} 39. exf5 {[%clk 00:22:19]} {[%emt 00:00:32]} Rd5 {[%clk 00:06:18]}
{[%emt 00:01:25]} 40. g4 {[%clk 00:22:18]} {[%emt 00:00:31]} Ne4 {[%clk
00:05:58]} {[%emt 00:00:50]} 41. Kf1 {[%clk 00:17:34]} {[%emt 00:05:14]} Rc5
{[%clk 00:04:28]} {[%emt 00:02:01]} 42. Ke2 {[%clk 00:15:41]} {[%emt 00:02:23]}
Kf8 {[%clk 00:03:18]} {[%emt 00:01:40]} 43. Kd3 {[%clk 00:15:15]} {[%emt
00:00:55]} Nf2+ {[%clk 00:03:41]} {[%emt 00:00:08]} 44. Kd2 {[%clk 00:14:31]}
{[%emt 00:01:14]} Nxh3 {[%clk 00:03:41]} {[%emt 00:00:30]} 45. Rc1 {[%clk
00:14:10]} {[%emt 00:00:51]} Rxc1 {[%clk 00:25:09]} {[%emt 00:09:03]} 46. Kxc1
{[%clk 00:44:31]} {[%emt 00:00:09]} Nf2 {[%clk 00:25:33]} {[%emt 00:00:05]} 47.
Nc6 {[%clk 00:44:49]} {[%emt 00:00:12]} Nxg4 {[%clk 00:25:57]} {[%emt
00:00:06]} 48. Kd2 {[%clk 00:45:08]} {[%emt 00:00:11]} h5 {[%clk 00:24:45]}
{[%emt 00:01:42]} 49. e4 {[%clk 00:44:58]} {[%emt 00:00:40]} h4 {[%clk
00:24:47]} {[%emt 00:00:28]} 50. Ke2 {[%clk 00:45:25]} {[%emt 00:00:03]} h3
{[%clk 00:23:37]} {[%emt 00:01:40]} 51. Kf3 {[%clk 00:45:46]} {[%emt 00:00:09]}
h2 {[%clk 00:23:57]} {[%emt 00:00:10]} 52. Kg2 {[%clk 00:46:10]} {[%emt
00:00:05]} Ke8 {[%clk 00:23:22]} {[%emt 00:01:06]} 53. Nxa5 {[%clk 00:46:34]}
{[%emt 00:00:06]} Kd7 {[%clk 00:23:42]} {[%emt 00:00:10]} 54. Nc4 {[%clk
00:46:48]} {[%emt 00:00:17]} Kc6 {[%clk 00:23:15]} {[%emt 00:00:55]} 55. Kh1
{[%clk 00:46:48]} {[%emt 00:00:31]} Kc5 {[%clk 00:22:43]} {[%emt 00:01:02]} 56.
e5 {[%clk 00:47:08]} {[%emt 00:00:09]} Kd5 {[%clk 00:22:39]} {[%emt 00:00:34]}
57. e6 {[%clk 00:47:04]} {[%emt 00:00:35]} fxe6 {[%clk 00:22:53]} {[%emt
00:00:16]} 58. fxe6 {[%clk 00:47:29]} {[%emt 00:00:06]} Kxe6 {[%clk 00:23:15]}
{[%emt 00:00:07]} 59. Nb2 {[%clk 00:47:22]} {[%emt 00:00:37]} Kd5 {[%clk
00:21:08]} {[%emt 00:02:37]} 60. Nd3 {[%clk 00:47:35]} {[%emt 00:00:17]} Ke4
{[%clk 00:21:20]} {[%emt 00:00:18]} 61. Nxb4 {[%clk 00:46:25]} {[%emt
00:01:41]} Kf3 {[%clk 00:21:24]} {[%emt 00:00:25]} 62. Nd3 {[%clk 00:46:47]}
{[%emt 00:00:08]} Ke3 {[%clk 00:19:27]} {[%emt 00:02:28]} 63. Nc5 {[%clk
00:44:55]} {[%emt 00:02:21]} Kf3 {[%clk 00:16:28]} {[%emt 00:03:29]} 64. b4
{[%clk 00:44:29]} {[%emt 00:00:56]} Kg3 {[%clk 00:10:18]} {[%emt 00:06:40]} 65.
Nd3 {[%clk 00:44:40]} {[%emt 00:00:18]} Ne3 {[%clk 00:08:48]} {[%emt 00:02:01]}
66. Nc1 {[%clk 00:42:57]} {[%emt 00:02:13]} g5 {[%clk 00:07:17]} {[%emt
00:02:00]} 67. b5 {[%clk 00:42:25]} {[%emt 00:01:02]} Nc4 {[%clk 00:06:20]}
{[%emt 00:01:28]} 68. Ne2+ {[%clk 00:42:34]} {[%emt 00:00:21]} Kh3 {[%clk
00:06:23]} {[%emt 00:00:27]} 69. b6 {[%clk 00:41:21]} {[%emt 00:01:43]} Nxb6
{[%clk 00:06:48]} {[%emt 00:00:06]} 70. Nf4+ {[%clk 00:41:46]} {[%emt
00:00:05]} Kg4 {[%clk 00:06:23]} {[%emt 00:00:54]} 71. Nd3 {[%clk 00:41:03]}
{[%emt 00:01:13]} Kg3 {[%clk 00:06:29]} {[%emt 00:00:24]} 72. Nc1 {[%clk
00:41:06]} {[%emt 00:00:27]} g4 {[%clk 00:06:20]} {[%emt 00:00:39]} 73. Ne2+
{[%clk 00:41:17]} {[%emt 00:00:19]} Kf2 {[%clk 00:06:22]} {[%emt 00:00:28]} 74.
Kxh2 {[%clk 00:41:31]} {[%emt 00:00:16]} Nd5 {[%clk 00:06:08]} {[%emt
00:00:43]} 75. Ng3 {[%clk 00:41:24]} {[%emt 00:00:38]} Ne3 {[%clk 00:06:14]}
{[%emt 00:00:24]} 76. Ne4+ {[%clk 00:40:53]} {[%emt 00:01:00]} Kf3 {[%clk
00:06:27]} {[%emt 00:00:17]} 77. Ng5+ {[%clk 00:33:36]} {[%emt 00:07:47]} Kf4
{[%clk 00:06:24]} {[%emt 00:00:33]} 78. Nh3+ {[%clk 00:33:28]} {[%emt
00:00:38]} Kf5 {[%clk 00:06:22]} {[%emt 00:00:32]} 79. Nf2 {[%clk 00:33:46]}
{[%emt 00:00:12]} 1/2-1/2

[Event "DEM U12w 2025"]
[Site "Willingen GER"]
[Date "2025.06.09"]
[Round "3"]
[White "Greither, Flora"]
[Black "Nönnig, Lotte"]
[Result "1/2-1/2"]
[Termination "normal"]
[Board "8"]
[WhiteElo "1562"]
[BlackElo "1735"]
[WhiteClock "00:40:04"]
[BlackClock "00:18:43"]
[PlyCount "178"]
[WhiteFideId "533000697"]
[BlackFideId "34611509"]
[EventCountry "GER"]
[EventRounds "9"]
[EventType "swiss"]
[EventDate "2025.06.07"]

1. d4 {[%clk 01:30:56]} {[%emt 00:00:03]} d5 {[%clk 01:30:49]} {[%emt
00:00:11]} 2. c4 {[%clk 01:31:18]} {[%emt 00:00:07]} e6 {[%clk 01:30:59]}
{[%emt 00:00:20]} 3. Nc3 {[%clk 01:31:42]} {[%emt 00:00:07]} Nf6 {[%clk
01:31:15]} {[%emt 00:00:13]} 4. cxd5 {[%clk 01:31:59]} {[%emt 00:00:13]} exd5
{[%clk 01:31:34]} {[%emt 00:00:11]} 5. Bg5 {[%clk 01:32:16]} {[%emt 00:00:13]}
Be7 {[%clk 01:31:24]} {[%emt 00:00:40]} 6. e3 {[%clk 01:32:40]} {[%emt
00:00:07]} O-O {[%clk 01:30:34]} {[%emt 00:01:20]} 7. Bd3 {[%clk 01:32:47]}
{[%emt 00:00:23]} Nbd7 {[%clk 01:29:56]} {[%emt 00:01:07]} 8. Nge2 {[%clk
01:31:34]} {[%emt 00:01:43]} c6 {[%clk 01:28:30]} {[%emt 00:01:58]} 9. O-O
{[%clk 01:31:21]} {[%emt 00:00:41]} Re8 {[%clk 01:25:29]} {[%emt 00:03:32]} 10.
Rb1 {[%clk 01:28:07]} {[%emt 00:03:44]} Ne4 {[%clk 01:21:48]} {[%emt 00:04:10]}
11. Bf4 {[%clk 01:25:41]} {[%emt 00:02:56]} Ndf6 {[%clk 01:20:45]} {[%emt
00:01:34]} 12. f3 {[%clk 01:15:56]} {[%emt 00:10:16]} Nxc3 {[%clk 01:19:58]}
{[%emt 00:01:17]} 13. bxc3 {[%clk 01:14:36]} {[%emt 00:01:49]} Nh5 {[%clk
01:17:50]} {[%emt 00:02:36]} 14. e4 {[%clk 00:57:01]} {[%emt 00:18:07]} Nxf4
{[%clk 01:14:58]} {[%emt 00:03:22]} 15. Nxf4 {[%clk 00:55:43]} {[%emt
00:01:48]} Bg5 {[%clk 01:13:31]} {[%emt 00:01:48]} 16. Ne2 {[%clk 00:54:58]}
{[%emt 00:01:24]} Rb8 {[%clk 01:09:37]} {[%emt 00:04:23]} 17. e5 {[%clk
00:49:07]} {[%emt 00:06:22]} f6 {[%clk 01:07:04]} {[%emt 00:03:02]} 18. f4
{[%clk 00:49:01]} {[%emt 00:00:37]} Bh6 {[%clk 01:07:24]} {[%emt 00:00:10]} 19.
Qc2 {[%clk 00:47:45]} {[%emt 00:01:47]} g6 {[%clk 01:03:42]} {[%emt 00:04:10]}
20. Ng3 {[%clk 00:45:59]} {[%emt 00:02:17]} fxe5 {[%clk 01:01:26]} {[%emt
00:02:45]} 21. fxe5 {[%clk 00:44:52]} {[%emt 00:01:38]} c5 {[%clk 00:59:36]}
{[%emt 00:02:20]} 22. Rbe1 {[%clk 00:42:41]} {[%emt 00:02:41]} Qb6 {[%clk
00:55:08]} {[%emt 00:04:44]} 23. Rf6 {[%clk 00:40:29]} {[%emt 00:02:55]} Qc7
{[%clk 00:52:49]} {[%emt 00:02:46]} 24. Ref1 {[%clk 00:38:55]} {[%emt
00:02:08]} cxd4 {[%clk 00:43:35]} {[%emt 00:09:44]} 25. cxd4 {[%clk 00:20:03]}
{[%emt 00:19:22]} Qxc2 {[%clk 00:43:48]} {[%emt 00:00:17]} 26. Bxc2 {[%clk
00:20:25]} {[%emt 00:00:08]} Be3+ {[%clk 00:44:06]} {[%emt 00:00:11]} 27. Kh1
{[%clk 00:20:41]} {[%emt 00:00:14]} Bxd4 {[%clk 00:43:43]} {[%emt 00:00:54]}
28. Bb3 {[%clk 00:19:23]} {[%emt 00:01:48]} Be6 {[%clk 00:39:10]} {[%emt
00:05:02]} 29. Rxe6 {[%clk 00:18:01]} {[%emt 00:01:53]} Rxe6 {[%clk 00:39:12]}
{[%emt 00:00:28]} 30. Bxd5 {[%clk 00:18:21]} {[%emt 00:00:09]} Rbe8 {[%clk
00:39:16]} {[%emt 00:00:23]} 31. Rf6 {[%clk 00:16:20]} {[%emt 00:02:33]} Bxe5
{[%clk 00:38:35]} {[%emt 00:01:12]} 32. Rxe6 {[%clk 00:16:41]} {[%emt
00:00:10]} Rxe6 {[%clk 00:38:59]} {[%emt 00:00:06]} 33. Bxe6+ {[%clk 00:17:05]}
{[%emt 00:00:06]} Kg7 {[%clk 00:39:14]} {[%emt 00:00:15]} 34. Kg1 {[%clk
00:17:00]} {[%emt 00:00:35]} Kf6 {[%clk 00:39:13]} {[%emt 00:00:30]} 35. Bd5
{[%clk 00:17:14]} {[%emt 00:00:16]} b6 {[%clk 00:39:17]} {[%emt 00:00:25]} 36.
Kf2 {[%clk 00:17:29]} {[%emt 00:00:16]} Ke7 {[%clk 00:38:03]} {[%emt 00:01:43]}
37. Kf3 {[%clk 00:16:45]} {[%emt 00:01:16]} b5 {[%clk 00:36:56]} {[%emt
00:01:36]} 38. h3 {[%clk 00:15:18]} {[%emt 00:01:58]} a5 {[%clk 00:36:04]}
{[%emt 00:01:21]} 39. Ne4 {[%clk 00:15:13]} {[%emt 00:00:35]} b4 {[%clk
00:33:49]} {[%emt 00:02:45]} 40. Nd2 {[%clk 00:13:58]} {[%emt 00:01:44]} Bc3
{[%clk 00:28:07]} {[%emt 00:06:13]} 41. Nb1 {[%clk 00:12:01]} {[%emt 00:02:27]}
Bf6 {[%clk 00:26:39]} {[%emt 00:01:59]} 42. Ke4 {[%clk 00:12:02]} {[%emt
00:00:25]} Kd6 {[%clk 00:24:28]} {[%emt 00:02:44]} 43. Bg8 {[%clk 00:11:42]}
{[%emt 00:00:44]} h6 {[%clk 00:23:29]} {[%emt 00:01:35]} 44. Bf7 {[%clk
00:11:52]} {[%emt 00:00:20]} g5 {[%clk 00:23:26]} {[%emt 00:00:33]} 45. Kf5
{[%clk 00:12:05]} {[%emt 00:00:17]} Ke7 {[%clk 00:22:58]} {[%emt 00:00:58]} 46.
Bb3 {[%clk 00:11:42]} {[%emt 00:00:52]} Bb2 {[%clk 00:11:57]} {[%emt 00:11:32]}
47. Nd2 {[%clk 00:11:34]} {[%emt 00:00:38]} h5 {[%clk 00:06:18]} {[%emt
00:06:09]} 48. Kxg5 {[%clk 00:11:29]} {[%emt 00:00:36]} Bc1 {[%clk 00:06:20]}
{[%emt 00:00:27]} 49. Kxh5 {[%clk 00:11:43]} {[%emt 00:00:16]} Bxd2 {[%clk
00:06:44]} {[%emt 00:00:06]} 50. g4 {[%clk 00:12:02]} {[%emt 00:00:11]} Kf6
{[%clk 00:29:20]} {[%emt 00:07:54]} 51. h4 {[%clk 00:40:34]} {[%emt 00:01:58]}
Kg7 {[%clk 00:26:08]} {[%emt 00:03:42]} 52. g5 {[%clk 00:40:44]} {[%emt
00:00:21]} Bc1 {[%clk 00:23:46]} {[%emt 00:02:52]} 53. Kg4 {[%clk 00:40:31]}
{[%emt 00:00:41]} Kg6 {[%clk 00:22:52]} {[%emt 00:01:24]} 54. Bc2+ {[%clk
00:40:44]} {[%emt 00:00:19]} Kg7 {[%clk 00:23:04]} {[%emt 00:00:12]} 55. Kf5
{[%clk 00:41:09]} {[%emt 00:00:11]} Bd2 {[%clk 00:20:45]} {[%emt 00:02:49]} 56.
h5 {[%clk 00:41:09]} {[%emt 00:00:29]} Be3 {[%clk 00:18:43]} {[%emt 00:02:31]}
57. h6+ {[%clk 00:40:04]} {[%emt 00:01:36]} Kh8 {[%clk 00:16:49]} {[%emt
00:02:23]} 58. Kg6 {[%clk 00:39:45]} {[%emt 00:00:49]} Bd2 {[%clk 00:16:44]}
{[%emt 00:00:36]} 59. Kh5 {[%clk 00:39:50]} {[%emt 00:00:24]} Bc3 {[%clk
00:15:14]} {[%emt 00:02:01]} 60. g6 {[%clk 00:39:47]} {[%emt 00:00:34]} Kg8
{[%clk 00:12:24]} {[%emt 00:03:20]} 61. h7+ {[%clk 00:39:55]} {[%emt 00:00:20]}
Kg7 {[%clk 00:11:44]} {[%emt 00:01:08]} 62. Kg5 {[%clk 00:40:00]} {[%emt
00:00:27]} Kh8 {[%clk 00:10:48]} {[%emt 00:01:27]} 63. Kf5 {[%clk 00:40:03]}
{[%emt 00:00:27]} Kg7 {[%clk 00:10:46]} {[%emt 00:00:32]} 64. Kg5 {[%clk
00:38:30]} {[%emt 00:02:02]} Kh8 {[%clk 00:09:58]} {[%emt 00:01:19]} 65. Kh6
{[%clk 00:37:08]} {[%emt 00:01:49]} Bd2+ {[%clk 00:10:19]} {[%emt 00:00:12]}
66. Kh5 {[%clk 00:37:26]} {[%emt 00:00:12]} Bc3 {[%clk 00:10:35]} {[%emt
00:00:14]} 67. Kg4 {[%clk 00:37:26]} {[%emt 00:00:29]} Kg7 {[%clk 00:10:48]}
{[%emt 00:00:18]} 68. Kf5 {[%clk 00:37:49]} {[%emt 00:00:07]} Kh8 {[%clk
00:10:56]} {[%emt 00:00:22]} 69. Ke4 {[%clk 00:33:24]} {[%emt 00:04:54]} Kg7
{[%clk 00:11:01]} {[%emt 00:00:26]} 70. Kd5 {[%clk 00:33:38]} {[%emt 00:00:16]}
Kh8 {[%clk 00:11:21]} {[%emt 00:00:09]} 71. Kc4 {[%clk 00:33:38]} {[%emt
00:00:31]} Kg7 {[%clk 00:11:31]} {[%emt 00:00:20]} 72. Kb3 {[%clk 00:33:28]}
{[%emt 00:00:39]} Kh8 {[%clk 00:11:39]} {[%emt 00:00:23]} 73. a3 {[%clk
00:33:21]} {[%emt 00:00:37]} Kg7 {[%clk 00:11:57]} {[%emt 00:00:12]} 74. Kc4
{[%clk 00:32:16]} {[%emt 00:01:33]} Kh8 {[%clk 00:12:12]} {[%emt 00:00:17]} 75.
a4 {[%clk 00:31:16]} {[%emt 00:01:30]} Kg7 {[%clk 00:12:34]} {[%emt 00:00:08]}
76. Bb1 {[%clk 00:30:46]} {[%emt 00:01:00]} Kh8 {[%clk 00:11:59]} {[%emt
00:01:05]} 77. Kb5 {[%clk 00:30:59]} {[%emt 00:00:16]} b3 {[%clk 00:12:02]}
{[%emt 00:00:28]} 78. Kc4 {[%clk 00:31:16]} {[%emt 00:00:13]} Bb4 {[%clk
00:12:17]} {[%emt 00:00:15]} 79. Kxb3 {[%clk 00:31:31]} {[%emt 00:00:15]} Kg7
{[%clk 00:12:33]} {[%emt 00:00:13]} 80. Kc4 {[%clk 00:31:52]} {[%emt 00:00:10]}
Kh8 {[%clk 00:12:50]} {[%emt 00:00:12]} 81. Kd5 {[%clk 00:32:17]} {[%emt
00:00:06]} Kg7 {[%clk 00:13:04]} {[%emt 00:00:16]} 82. Ke6 {[%clk 00:32:41]}
{[%emt 00:00:06]} Bc3 {[%clk 00:13:05]} {[%emt 00:00:29]} 83. Ke7 {[%clk
00:33:00]} {[%emt 00:00:11]} Bb4+ {[%clk 00:13:19]} {[%emt 00:00:16]} 84. Ke8
{[%clk 00:33:01]} {[%emt 00:00:29]} Bc3 {[%clk 00:13:32]} {[%emt 00:00:17]} 85.
Kd7 {[%clk 00:33:24]} {[%emt 00:00:08]} Bb4 {[%clk 00:13:55]} {[%emt 00:00:06]}
86. Ke6 {[%clk 00:33:40]} {[%emt 00:00:14]} Bc3 {[%clk 00:14:01]} {[%emt
00:00:24]} 87. Bd3 {[%clk 00:32:59]} {[%emt 00:01:05]} Bb2 {[%clk 00:13:31]}
{[%emt 00:01:07]} 88. Ke7 {[%clk 00:33:17]} {[%emt 00:00:11]} Bc3 {[%clk
00:13:49]} {[%emt 00:00:12]} 89. Ke8 {[%clk 00:31:00]} {[%emt 00:02:47]} Bd4
{[%clk 00:14:05]} {[%emt 00:00:13]} 1/2-1/2

[Event "DEM U12w 2025"]
[Site "Willingen GER"]
[Date "2025.06.09"]
[Round "3"]
[White "Huang, Flora Yueya"]
[Black "Birkenheier, Larissa"]
[Result "1/2-1/2"]
[Termination "normal"]
[Board "9"]
[WhiteElo "1652"]
[BlackElo "1486"]
[WhiteClock "01:16:40"]
[BlackClock "00:27:34"]
[PlyCount "100"]
[WhiteFideId "533015651"]
[BlackFideId "34626379"]
[EventCountry "GER"]
[EventRounds "9"]
[EventType "swiss"]
[EventDate "2025.06.07"]

1. d4 {[%clk 01:30:58]} {[%emt 00:00:01]} d5 {[%clk 01:30:39]} {[%emt
00:00:21]} 2. c4 {[%clk 01:31:24]} {[%emt 00:00:05]} c6 {[%clk 01:30:43]}
{[%emt 00:00:25]} 3. Nc3 {[%clk 01:31:48]} {[%emt 00:00:06]} Nf6 {[%clk
01:30:46]} {[%emt 00:00:26]} 4. Nf3 {[%clk 01:32:13]} {[%emt 00:00:06]} e6
{[%clk 01:30:34]} {[%emt 00:00:43]} 5. e3 {[%clk 01:32:30]} {[%emt 00:00:13]}
Nbd7 {[%clk 01:30:10]} {[%emt 00:00:54]} 6. Bd3 {[%clk 01:32:42]} {[%emt
00:00:18]} dxc4 {[%clk 01:29:41]} {[%emt 00:00:59]} 7. Bxc4 {[%clk 01:32:57]}
{[%emt 00:00:15]} b5 {[%clk 01:28:55]} {[%emt 00:01:15]} 8. Bd3 {[%clk
01:33:04]} {[%emt 00:00:23]} a6 {[%clk 01:27:57]} {[%emt 00:01:29]} 9. Bd2
{[%clk 01:32:55]} {[%emt 00:00:39]} Be7 {[%clk 01:26:26]} {[%emt 00:02:01]} 10.
Qc2 {[%clk 01:33:08]} {[%emt 00:00:16]} Bb7 {[%clk 01:25:00]} {[%emt 00:01:56]}
11. Be2 {[%clk 01:28:07]} {[%emt 00:05:31]} O-O {[%clk 01:19:58]} {[%emt
00:05:32]} 12. a3 {[%clk 01:28:04]} {[%emt 00:00:33]} c5 {[%clk 01:15:54]}
{[%emt 00:04:33]} 13. O-O {[%clk 01:28:04]} {[%emt 00:00:31]} Rc8 {[%clk
01:13:59]} {[%emt 00:02:25]} 14. dxc5 {[%clk 01:15:09]} {[%emt 00:13:26]} Nxc5
{[%clk 00:58:59]} {[%emt 00:15:29]} 15. Rad1 {[%clk 01:14:48]} {[%emt
00:00:51]} Qc7 {[%clk 00:53:00]} {[%emt 00:06:29]} 16. Rc1 {[%clk 01:13:28]}
{[%emt 00:01:50]} Bd6 {[%clk 00:44:41]} {[%emt 00:08:49]} 17. h3 {[%clk
01:13:35]} {[%emt 00:00:23]} Rfd8 {[%clk 00:42:21]} {[%emt 00:02:49]} 18. Rfd1
{[%clk 01:12:18]} {[%emt 00:01:48]} h6 {[%clk 00:36:23]} {[%emt 00:06:28]} 19.
Be1 {[%clk 01:11:51]} {[%emt 00:00:57]} Nce4 {[%clk 00:24:05]} {[%emt
00:12:47]} 20. Qb1 {[%clk 01:08:36]} {[%emt 00:03:46]} Qe7 {[%clk 00:22:07]}
{[%emt 00:02:27]} 21. b4 {[%clk 01:02:37]} {[%emt 00:06:30]} Nxc3 {[%clk
00:16:17]} {[%emt 00:06:20]} 22. Bxc3 {[%clk 01:02:50]} {[%emt 00:00:17]} Ne4
{[%clk 00:14:26]} {[%emt 00:02:20]} 23. Bd4 {[%clk 01:01:06]} {[%emt 00:02:16]}
Re8 {[%clk 00:12:53]} {[%emt 00:02:02]} 24. Rxc8 {[%clk 00:59:47]} {[%emt
00:01:49]} Rxc8 {[%clk 00:13:00]} {[%emt 00:00:23]} 25. Qa1 {[%clk 00:58:18]}
{[%emt 00:01:59]} f6 {[%clk 00:10:29]} {[%emt 00:03:00]} 26. Bb2 {[%clk
00:54:56]} {[%emt 00:03:53]} Bd5 {[%clk 00:09:27]} {[%emt 00:01:32]} 27. Rc1
{[%clk 00:51:44]} {[%emt 00:03:42]} Rxc1+ {[%clk 00:08:36]} {[%emt 00:01:21]}
28. Qxc1 {[%clk 00:52:06]} {[%emt 00:00:08]} Qc7 {[%clk 00:07:29]} {[%emt
00:01:36]} 29. Qxc7 {[%clk 00:49:48]} {[%emt 00:02:49]} Bxc7 {[%clk 00:07:52]}
{[%emt 00:00:07]} 30. Kf1 {[%clk 00:49:37]} {[%emt 00:00:41]} Kf7 {[%clk
00:07:35]} {[%emt 00:00:47]} 31. Bd3 {[%clk 00:49:42]} {[%emt 00:00:25]} Nd6
{[%clk 00:07:09]} {[%emt 00:00:54]} 32. Nd2 {[%clk 00:49:29]} {[%emt 00:00:45]}
Ke7 {[%clk 00:06:46]} {[%emt 00:00:52]} 33. e4 {[%clk 00:49:13]} {[%emt
00:00:47]} Bb7 {[%clk 00:05:39]} {[%emt 00:01:36]} 34. Ke2 {[%clk 00:49:22]}
{[%emt 00:00:22]} e5 {[%clk 00:05:36]} {[%emt 00:00:32]} 35. f3 {[%clk
00:49:14]} {[%emt 00:00:39]} Bb6 {[%clk 00:05:34]} {[%emt 00:00:31]} 36. Nb3
{[%clk 00:49:35]} {[%emt 00:00:10]} Nc4 {[%clk 00:04:44]} {[%emt 00:01:20]} 37.
Bc1 {[%clk 00:46:50]} {[%emt 00:03:15]} Kd6 {[%clk 00:04:21]} {[%emt 00:00:52]}
38. Na1 {[%clk 00:46:38]} {[%emt 00:00:43]} Bd4 {[%clk 00:03:41]} {[%emt
00:01:09]} 39. Nc2 {[%clk 00:47:01]} {[%emt 00:00:08]} Bb6 {[%clk 00:03:22]}
{[%emt 00:00:48]} 40. Ne3 {[%clk 00:46:10]} {[%emt 00:01:22]} Nxe3 {[%clk
00:03:12]} {[%emt 00:00:40]} 41. Bxe3 {[%clk 00:46:35]} {[%emt 00:00:05]} Bxe3
{[%clk 00:01:41]} {[%emt 00:02:01]} 42. Kxe3 {[%clk 00:46:59]} {[%emt
00:00:06]} Bc8 {[%clk 00:01:10]} {[%emt 00:01:00]} 43. Bc2 {[%clk 00:46:44]}
{[%emt 00:00:46]} Be6 {[%clk 00:01:13]} {[%emt 00:00:27]} 44. Bd3 {[%clk
00:46:47]} {[%emt 00:00:27]} Bc8 {[%clk 00:01:23]} {[%emt 00:00:20]} 45. Bf1
{[%clk 00:46:28]} {[%emt 00:00:49]} g5 {[%clk 00:29:58]} {[%emt 00:01:55]} 46.
g4 {[%clk 01:16:12]} {[%emt 00:00:47]} Kc6 {[%clk 00:29:10]} {[%emt 00:01:17]}
47. Kd3 {[%clk 01:15:55]} {[%emt 00:00:46]} Be6 {[%clk 00:29:11]} {[%emt
00:00:30]} 48. Kc3 {[%clk 01:16:17]} {[%emt 00:00:08]} Kb6 {[%clk 00:29:16]}
{[%emt 00:00:25]} 49. Be2 {[%clk 01:16:30]} {[%emt 00:00:17]} a5 {[%clk
00:28:15]} {[%emt 00:01:30]} 50. Bf1 {[%clk 01:16:40]} {[%emt 00:00:20]} a4
{[%clk 00:27:34]} {[%emt 00:01:12]} 1/2-1/2